| 000 | 00833cam a2200229 4500 | ||
|---|---|---|---|
| 001 | WB3604-21 | ||
| 008 | 000000n2000 000 0 eng u | ||
| 035 | _a(Sirsi) u103810 | ||
| 245 | 4 | _aThe high street is dead | |
| 260 | _c2000 | ||
| 490 |
_aRICS Press Release _v(004) 17 January 2000 (2) |
||
| 520 | _aThe RICS Research Foundation report "20:20 Visions of the future" warns that e-commerce could be the death knell for high street shopping. Copies of "20:20 Visions of the future" are available from RICS Books, £60. Tel: 020 7334 3851. | ||
| 590 | _aWB | ||
| 650 | _aINTERNET | ||
| 650 | _aRETAILING | ||
| 650 | _aLEISURE ACTIVITIES | ||
| 650 | _aHIGH STREET | ||
| 650 | _aFUTURE | ||
| 650 | _aABOUT RICS-RELATED ORGANISATIONS-RICS RESEARCH FOUNDATION | ||
| 690 | _aINFORMATION TECHNOLOGY-INTERNET | ||
| 942 | _n0 | ||
| 999 |
_c62338 _d62338 |
||